Statistical Methods in Neuropsychology Common Procedures Made Comprehensible /

Statistical Methods in Neuropsychology Common Procedures Made Comprehensible   David Aaron Maroof  Statistics: not only the bane of many a student’s existence, but also puzzling to any number of mental health professionals. At the same time, they are necessary in making sound clinical judgments as t...

Full description

Bibliographic Details
Main Author: Maroof, David Aaron (Author)
Corporate Author: SpringerLink (Online service)
Format: Electronic eBook
Language:English
Published: Boston, MA : Springer US : Imprint: Springer, 2012.
Subjects:
Online Access:Full Text via HEAL-Link
LEADER 03235nam a22004575i 4500
001 978-1-4614-3417-7
003 DE-He213
005 20151120232517.0
007 cr nn 008mamaa
008 120611s2012 xxu| s |||| 0|eng d
020 |a 9781461434177  |9 978-1-4614-3417-7 
024 7 |a 10.1007/978-1-4614-3417-7  |2 doi 
040 |d GrThAP 
050 4 |a QP351-495 
050 4 |a QP360-360.7 
072 7 |a JMM  |2 bicssc 
072 7 |a PSY020000  |2 bisacsh 
082 0 4 |a 612.8  |2 23 
100 1 |a Maroof, David Aaron.  |e author. 
245 1 0 |a Statistical Methods in Neuropsychology  |h [electronic resource] :  |b Common Procedures Made Comprehensible /  |c by David Aaron Maroof. 
264 1 |a Boston, MA :  |b Springer US :  |b Imprint: Springer,  |c 2012. 
300 |a X, 110 p.  |b online resource. 
336 |a text  |b txt  |2 rdacontent 
337 |a computer  |b c  |2 rdamedia 
338 |a online resource  |b cr  |2 rdacarrier 
347 |a text file  |b PDF  |2 rda 
520 |a Statistical Methods in Neuropsychology Common Procedures Made Comprehensible   David Aaron Maroof  Statistics: not only the bane of many a student’s existence, but also puzzling to any number of mental health professionals. At the same time, they are necessary in making sound clinical judgments as to clients’ cognitive functioning or decline. Without them, a practitioner may be at a loss to explain findings or recommendations, or understand data in context.   The first publication of its kind, Statistical Methods in Neuropsychology brings the broad field of applied statistics and the specialized field of neuropsychology together to simplify and demystify test results. In readable, at times downright funny prose employing the minimum of hard math (and even less hard jargon), this concise volume shows readers how to effectively translate psychometric test data into real-world clinical practice, and offers a fuller understanding of the research literature. The author critiques commonly used statistical methods on the basis of their strengths and weaknesses, and reviews the issues in these key areas:   • Assessing validity. • Statistical assumptions. • Exploratory factor analysis. • Normative data. • Covariates and covariance analysis. • Regression and logistic regression analysis. • Multivariate analysis of variance.   Statistical Methods in Neuropsychology will appeal to a wide variety of neuropsychologists, cognitive neuroscientists, psychiatrists, and experimental psychologists: those who understand statistics but want to know the why behind them, those new to the field and still getting familiar with the formulas, and those wishing to retake the course with a witty, world-class professor.  . 
650 0 |a Psychology. 
650 0 |a Health informatics. 
650 0 |a Neuropsychology. 
650 0 |a Experiential research. 
650 1 4 |a Psychology. 
650 2 4 |a Neuropsychology. 
650 2 4 |a Health Informatics. 
650 2 4 |a Psychology Research. 
710 2 |a SpringerLink (Online service) 
773 0 |t Springer eBooks 
776 0 8 |i Printed edition:  |z 9781461434160 
856 4 0 |u http://dx.doi.org/10.1007/978-1-4614-3417-7  |z Full Text via HEAL-Link 
912 |a ZDB-2-BHS 
950 |a Behavioral Science (Springer-11640)